| 000 | 00423nam a2200145Ia 4500 | ||
|---|---|---|---|
| 008 | 231129s2008||||xx |||||||||||||| ||spa|| | ||
| 020 | _a978-958-714-122-1 | ||
| 040 | _bspa | ||
| 082 | _a759.9861 M798v | ||
| 100 | _aMontoya López Armando | ||
| 245 | 0 | _aVásquez Ceballos y la crítica de arte en Colombia | |
| 260 | _c2008 | ||
| 264 | _aUniversidad de Antioquia | ||
| 942 |
_2ddc _cBKS |
||
| 999 |
_c26144 _d26144 |
||